Vista normal
Vista MARC
Entrada Materia (personas)
Número de registros utilizados en: 1
001 - CONTROL NUMBER
- control field: 31618
003 - CONTROL NUMBER IDENTIFIER
- control field: Co-BoUCM
005 - DATE AND TIME OF LATEST TRANSACTION
- control field: 20130306105123.0
008 - FIXED-LENGTH DATA ELEMENTS
- fixed length control field: 130306|| aca||aabn | a|a d
040 ## - CATALOGING SOURCE
- Original cataloging agency: Co-BoUCM
- Transcribing agency: Co-BoUCM
100 ## - HEADING--PERSONAL NAME
- Personal name: Canales Medina, Verónica
- Relator term: traductor
670 ## - SOURCE DATA FOUND
- Source citation: Work cat.: (Co-BoUCM)51705: Bhagwati, Jagdish 1934- 31617, En defensa de la globalización, 2005